Творчество И. С. Тургенева : (Record no. 269698)
[ view plain ]
| 000 -LEADER | |
|---|---|
| fixed length control field | 00937nam a2200205 a 4500 |
| 001 - CONTROL NUMBER | |
| control field | 000729454 |
| 003 - CONTROL NUMBER IDENTIFIER | |
| control field | AM-YeHGA |
| 005 - DATE AND TIME OF LATEST TRANSACTION | |
| control field | 20250617143117.0 |
| 008 - FIXED-LENGTH DATA ELEMENTS--GENERAL INFORMATION | |
| fixed length control field | 100419s1984 ||| r 000 0 rus d |
| 040 ## - CATALOGING SOURCE | |
| Original cataloging agency | AM-YeHGA |
| 041 0# - LANGUAGE CODE | |
| Language code of text/sound track or separate title | rus |
| 090 ## - LOCALLY ASSIGNED LC-TYPE CALL NUMBER (OCLC); LOCAL CALL NUMBER (RLIN) | |
| -- | 271335 |
| 245 00 - TITLE STATEMENT | |
| Title | Творчество И. С. Тургенева : |
| Remainder of title | Сборник научных трудов / |
| Statement of responsibility, etc. | Курский гос. пед. ин-т ; [Редкол. : Г. Б. Курляндская (отв. ред.) и др.]. |
| 260 ## - PUBLICATION, DISTRIBUTION, ETC. | |
| Place of publication, distribution, etc. | Курск : |
| Name of publisher, distributor, etc. | Курский гос. пед. ин-т, |
| Date of publication, distribution, etc. | 1984. |
| 504 ## - BIBLIOGRAPHY, ETC. NOTE | |
| Bibliography, etc. note | Библиогр. в примеч. в конце ст. |
| 600 14 - SUBJECT ADDED ENTRY--PERSONAL NAME | |
| Personal name | Тургенев, Иван Сергеевич |
| 653 0# - INDEX TERM--UNCONTROLLED | |
| Uncontrolled term | Русская литература |
| 700 1# - ADDED ENTRY--PERSONAL NAME | |
| Personal name | Курляндская, Галина Борисовна |
| Relator term | ред. |
| Relationship | edt |
| 710 2# - ADDED ENTRY--CORPORATE NAME | |
| Corporate name or jurisdiction name as entry element | Курский государственный педагогический институт |
| Withdrawn status | Lost status | Damaged status | Not for loan | Collection | Home library | Current library | Date acquired | Cost, normal purchase price | Total checkouts | Full call number | Barcode | Date last seen | Price effective from | Koha item type | Public note |
|---|---|---|---|---|---|---|---|---|---|---|---|---|---|---|---|
| General | Fundamental Scientific Library | Fundamental Scientific Library | 29/12/2016 | 7000.00 | PII/541593 | FL0154138 | 29/12/2016 | 29/12/2016 | Գրքեր / Books | 30 Days Loan |
ՀՀ Գիտությունների ազգային ակադեմիայի հիմնարար գիտական գրադարան = Fundamental Scientific Library of NAS RA
All site content, except where otherwise noted, is licensed under a